| 000 | 00436cam a2200145 4500500 | ||
|---|---|---|---|
| 005 | 20251012023104.0 | ||
| 041 | _afre | ||
| 042 | _adc | ||
| 100 | 1 | 0 |
_aPicus, Maurice _eauthor |
| 245 | 0 | 0 | _aIdées préconçues ou réalisme |
| 260 | _c2005. | ||
| 500 | _a60 | ||
| 786 | 0 | _nPsy Cause | º39 | 1 | 2005-01-01 | p. 30-31 | 1245-2394 | |
| 856 | 4 | 1 | _uhttps://shs.cairn.info/revue-psy-cause-2005-1-page-30?lang=fr&redirect-ssocas=7080 |
| 999 |
_c1541179 _d1541179 |
||